|
|
|
|
| LEADER |
00927nam a2200229 a 4500 |
| 001 |
4187844 |
| 008 |
090514s1979 bg s f000 0 eng d |
| 010 |
|
|
|a 79906463
|
| 040 |
|
|
|a DLC
|c DLC
|d DLC
|
| 082 |
0 |
0 |
|a 338.1095492
|2 19
|
| 110 |
1 |
|
|a Bangladesh.
|b Agro-Economic Research Section.
|
| 245 |
1 |
0 |
|a Thana level agriculture of Bangladesh.
|
| 260 |
|
|
|a Dhaka :
|b Ministry of Agriculture & Forests, Agro-Economic Research Section : [sole distributor, Bangladesh Books International],
|c 1979
|
| 300 |
|
|
|a v. <1-2 > ;
|c 26 cm.
|
| 362 |
0 |
|
|a vol.i
|
| 490 |
1 |
|
|a Statistical series ;
|v no. 1-
|
| 500 |
|
|
|a Tables.
|
| 541 |
1 |
|
|e 00000032
|
| 650 |
|
0 |
|a Agriculture
|z Bangladesh
|x Statistics.
|
| 852 |
4 |
|
|a Ayesha Abed Library
|j General Shelf.
|
| 999 |
|
|
|c 8884
|d 8884
|
| 952 |
|
|
|0 0
|1 0
|2 ddc
|4 0
|6 338_109549200000000_THA_1979
|7 0
|9 10854
|a BRACUL
|b BRACUL
|c GEN
|d 2010-06-10
|g 45.00
|l 1
|o 338.1095492 THA
|p 3010000032
|r 2016-08-30
|s 2013-04-25
|t 1
|w 2010-06-10
|y BK
|